01003cam a2200253 a 450000100100000000500170001000800410002701000150006804000180008308200170010110000460011824501490016424600100031326000450032330000330036865000430040165000270044465000310047165000310050270000470053391000340058095201200061499900150073400000512720200929151603.0830221s2002 mx a 000 p spa  a2002523194 aDO-SdBNPcDLC a861.6bS227g1 aSanjurjo, Jose Manuel,d1911-1973.91468410aGuateque a Alfonso Camin en décimas de Batey /cpor Jose Sanjurjo. Carey y nuevos poemas / Alfonso Camin ; ilustraciones de Fernando Tarazona.14aCarey aMexico :bImpresora Mexfotocolor,c2002. axl, 212 p. :bill. ;c23 cm. 4aPoesía españolaxColecciones93395 4aPoesía amorosa99227 4aJuventudxPoesías914685 4aLiteratura española96321 aCamin, Alfonso,d1890-1982.tCarey.914686 aCatalogación por copia / LC 001052708MOaGRbGRcCTd2009-07-29iLF1l0o861.6 S227gp5127-10r2020-06-25w2020-06-25y2ZPréstamo interno c4930d4930